000
00341pab a2200157 454500
008
180718b1997 xxu||||| |||| 00| 0 eng d
100
_a
Hindwan, Sudhir
245
_a
The role of the police
260
_c
1997
300
_a
p.10
362
_a
18 Apr
650
_a
Police - India
650
_a
Police
773
_a
Hindu
909
_a
34956
999
_c
34956
_d
34956